000 00783cam a22002651 4500
001 6537820
003 OSt
005 20230621154132.0
008 721128s1958 enk b 000 0 eng
010 _a 58001205
015 _aGB58-3021
035 _a(OCoLC)502852
040 _aDLC
_cODaWU
_dOCoLC
_dUk
_dDLC
042 _apremarc
082 _a322.43
_bSTE
100 1 _aStewart, John David,
_d1929-
245 1 0 _aBritish pressure groups;
_btheir role in relation to the House of Commons.
260 _aOxford,
_bClarendon Press,
_c1958.
300 _axii, 273 p.
_c22 cm.
504 _aBibliographical footnotes.
610 1 0 _aGreat Britain.
_bParliament.
_bHouse of Commons.
650 0 _aLobbying.
906 _a7
_bcbc
_coclcrpl
_du
_encip
_f19
_gy-gencatlg
942 _2ddc
_cBK
999 _c2279
_d2279